Statystyki dla Quiz na temat GTA V

Kliknij tutaj aby rozwiązać quiz!

Ogólne statystyki

  • Ten quiz został rozwiązany 638 razy
  • Średni wynik to 4 z 15

Statystyki odpowiedzi

pytanieodpowiedź% Poprawnych
Sąsiad TrevoraRon
69%
Nazwa Firmy TrevoraTrevor Philips Industries
51%
Najwyższa góra w Blaine CountyChilliad
50%
Kuzyn Wade'aFloyd
49%
W którym zakończeniu ginie TrevorA
48%
Ile zarobili trzej panowie w napadzie na Merryweather0
42%
Nazwa filmu którego producentem był MichaelKrach
39%
Auto skradzione przez Franklina(misja - Zniebowid)Z-Type
27%
Pies MichaelaNie ma
13%
Gang motocyklowy, który walczył z TrevoremLost MC
12%
Osoba torturowana przez Trevora Philipsa(misja - Jak na szkoleniu...)Ferdinand Kerimov
9%
Gdzie się odbył pierwszy napad Michaela(mowa o nim w napadzie na Paleto Bay)Carcer City
7%
Gang który reprezentowali Franklin i LamarChamberlain Hills
5%
Kto rozwinął fabułę(przez kogo Michael musiał porzucić emeryturę)Tenisista
5%
Fanboy MichaelaNorm Richards
2%

Rozkład punktacji

Percentyl według liczby udzielonych odpowiedzi

Procent ludzi z każdym wynikiem

Twoja historia wyników

Nie rozwiązałeś tego quizu